00910nam a2200265Ia 450000500170000000800410001702000150005810000170007324500800009025000190017030000660018953400210025565000420027665000400031865000350035865000360039370000190042970000320044826400300048033600270051033700330053733800280057004000350059808400110063320220317000737.0160601s2004 sp a g 000 0 spa  a84488195511 aGutman, Anne10aQuiero un león! cAnne Gutman, Xavier Deneux ; traducción María Casas a1a. edición  a[14] páginas sin enumerar bilustraciones en color c17 cm  tJe veux un lion!142LEMBaÁlbumes infantiles franceses 142LEMBaLiteratura infantil francesa 142LEMBaLeones en la literatura 142LEMBaNiñas en la literatura 1 aDeneux, Xavier1 aCasas, María,etraductor  aBarcelona bBeascoac2004 atextobtxt2rdacontent asin mediaciónbn2rdamedia avolumenbnc2rdacarrier aCO-BoRNBPbspaerdacCO-BoRNBP aA GUT1